000
00253nam a22001217a 4500
003
SGT
082
_a
370
_b
BHA
100
_a
BHATANGAR, PUSHPLATA
245
_a
HINDI VYAKARAN PLALV
260
_a
DELHI
_b
I V PUB
_c
2009
300
_a
392
942
_2
ddc
_c
BK
999
_c
19028
_d
19028